FIA Grade 2 circuits - Statistics

General Stats
  • This quiz has been taken 15 times
  • The average score is 26 of 62
Answer Stats
Country Circuit % Correct
United Kingdom Brands Hatch
100%
Macau Macau/Guia
100%
Czechia Brno
88%
United Kingdom Donington Park
88%
Japan Okayama
88%
Netherlands Assen
75%
South Africa Kyalami
75%
United States Laguna Seca
75%
United States Portland International Raceway/PIR/Portland
75%
United States Road America
75%
United States Sonoma
75%
United States Watkins Glen/The Glen
75%
Belgium Zolder
75%
Japan Autopolis
63%
United States Detroit
63%
Germany Lausitzring
63%
France Le Mans
63%
United States Long Beach
63%
Morocco Marrakech
63%
United States Road Atlanta
63%
Slovakia Slovakia Ring
63%
United States St Petersburg
63%
Australia Surfers paradise
63%
Italy Vallelunga
63%
Czechia Autodromo Most/Most
50%
Hungary Balaton
50%
Italy Fiorano
50%
South Korea Inje
50%
Taiwan Lihpao
50%
Italy Misano
50%
Spain Navarra
50%
Germany Oschersleben
50%
United States Sebring
50%
Canada Toronto
50%
Spain Valencia
50%
United States Barber Motorsports Park/Birmingham
38%
France Dijon-Prenois
38%
Spain Jarama
38%
United States Mid-Ohio
38%
Australia Sydney
38%
Australia The Bend
38%
United States Virginia
38%
India Hyderabad
25%
Canada Canadian Tire Motorsports Park
13%
United States NOLA
13%
China Zuhai
13%
Italy Casterozzo
0%
United States Lakeville
0%
France Ledenon
0%
India Madras
0%
Japan Montegi
0%
France Nagaro
0%
China Ningbo
0%
Germany Nosiring
0%
China Odros
0%
Morocco Oued Zem
0%
China Shougang
0%
Japan Sportsland
0%
Japan Tokachi
0%
China V1 Auto World
0%
China Zhejiang
0%
China Zhuhou
0%
No matching quizzes found
Score Distribution
Percent of People with Each Score
Percentile by Number Answered
Your Score History
You have not taken this quiz